| 000 | 01152nam a2200325 i 4500 | ||
|---|---|---|---|
| 001 | 000026695 | ||
| 003 | DO-SdBNP | ||
| 005 | 20240927073748.0 | ||
| 006 | a||||gr|||| 00| 0 | ||
| 007 | ta | ||
| 008 | 100901e1968 dr r 000 ebspa d | ||
| 040 |
_aDO-SdBNP _bspa _cBNPHU _erda |
||
| 082 | 4 |
_a923.27293 _bD812B 1968 _222 |
|
| 100 | 1 |
_a Balaguer, Joaquín, _d1906-2002 _976556 |
|
| 245 | 1 | 3 |
_aEl Cristo de la libertad : _bvida de Juan Pablo Duarte / _cJoaquín Balaguer. |
| 250 | _a4a edición | ||
| 264 |
_aSanto Domingo : _bPublicaciones Ahora, _c1968. |
||
| 300 |
_a218 páginas ; _c20 cm. |
||
| 336 |
_2rdacontent _atexto _btxt |
||
| 337 |
_2rdamedia _asin mediación _bn |
||
| 338 |
_2rdacarrier _avolumen _bnc |
||
| 490 | _aPensamiento dominicano | ||
| 505 |
_aDedicatoria. _tEl Hombre.-- _tEl Patriota.-- _tEl Mártir.-- _tFisionomía Moral del Padre de la Patria. |
||
| 590 | _aInventariado 2023 / MF | ||
| 600 | 1 | 0 |
_aDuarte, Juan Pablo, _d1813-1876 _91494 |
| 651 | 1 | 0 |
_aRepública Dominicana -- _xHistoria -- _y1844-1930 _91009 |
| 830 | 0 |
_aPensamiento dominicano _919047 |
|
| 910 | _aValidado. Control de calidad. EMS | ||
| 942 |
_2ddc _cLBS1 |
||
| 999 |
_c26187 _d26187 |
||